Normal view
MARC view
Entry Nome pessoal
001 - NÚMERO DE CONTROLE
- campo de controle: 782
003 - IDENTIFICADOR DO NÚMERO DE CONTROLE
- campo de controle: Br
005 - DATA E HORÁRIO DA ÚLTIMA TRANSAÇÃO
- campo de controle: 20250403093935.0
008 - CAMPO DE DADOS FIXOS
- campo de controle de tamanho fixo: 070123acnnnaab|8 aaaa a d
035 ## - NÚMERO DE CONTROLE DO SISTEMA
- Número de Controle do Sistema: 2007012313105453med
040 ## - FONTE DA CATALOGAÇÃO
- Instituição da catalogação original: Br
- Instituição que transcreveu o registro: Br
- Convenções de cabeçalho de assunto/tesauros: Br
100 1# - CABEÇALHO--NOME PESSOAL
- Nome pessoal: Troisi, Licia,
- Datas associadas ao nome: 1980-
670 ## - FONTE POSITIVA DOS DADOS
- Citação da fonte positiva dos dados: Autora de: A garota da terra do vento. 2006
- Dados encontrados na fonte localizada no subcampo: (orelha: nasceu em Roma, em 1980; formada em Astrofísica; trabalha como pesquisadora no Observatório de Monte Porzio)
670 ## - FONTE POSITIVA DOS DADOS
- Citação da fonte positiva dos dados: http://authorities.loc.gov 22/6/10
- Dados encontrados na fonte localizada no subcampo: (d.n.)
670 ## - FONTE POSITIVA DOS DADOS
- Citação da fonte positiva dos dados: http://pt.wikipedia.org/wiki/Licia_Troisi
- Dados encontrados na fonte localizada no subcampo: (Licia Troisi nasceu em Roma, em 1980, formada em astrofísica; escritora italiana)
856 ## - LOCALIZAÇÃO ELETRÔNICA E ACESSO
- Uniform Resource Identifier: http://www.liciatroisi.it/
- Nota pública: Troisi, Licia